Hardening cisco routers

Αποθηκεύτηκε σε:
Λεπτομέρειες βιβλιογραφικής εγγραφής
Κύριος συγγραφέας: Akin, Thomas
Μορφή: Βιβλίο
Γλώσσα:English
Δημοσίευση: Beijing : O'Reilly, c2002
Θέματα:
Ετικέτες: Προσθήκη ετικέτας
Δεν υπάρχουν, Καταχωρήστε ετικέτα πρώτοι!

MARC

LEADER 00000nam a2200000 i 4500
001 1/72543
008 050302s2002 eng d
020 |a 0-596-00166-5 
035 |l 10076846 
040 |a GR-MY-UA  |b gre  |e aacr 
041 0 |a eng 
082 0 |a 005.8  |2 (21) 
100 1 |a Akin, Thomas. 
245 1 0 |a Hardening cisco routers /  |c Thomas Akin 
260 |a Beijing :   |b O'Reilly,   |c c2002 
300 |a xiii, 173 σ.;  |b εικ.;  |c 24 εκ. 
504 |a Περιλαμβάνει βιβλιογραφία και ευρετήριο 
650 0 0 |a Routers (Computer networks) 
650 0 0 |a Computer networks  |x Safety measures. 
852 |a INST  |b CHIOS  |e 20050302  |h 005.8 AKI  |p 005200021801  |q 005200021801  |t BK  |y 0 
901 |a BIBL2-2005-1 
909 |a Χ  |b 113069 
920 |a ΔΙΕΥΡΥΝΣΗ  |b ΕΠΕΑΕΚ-ΤΜΟΔ  |y ΧΙΟΣ  |z 2004-12 
970 |a ΣΠΕΝΤΖΑ  |b ΕΛΕΝΗ  |z 2005/03/02